00489 2200193 4500001002100000005001500021008004100036020001800077035001900095041000700114082000800121090001400129100002400143245003300167250000600200260004800206300002500254650001600279INLIS00000000000061020241224112212241224||||||||| | ||| |||| || |  a979-3925-39-6 0010-1224000610 aid0 a300 a300 SET i0 aElly M. Setiadi dkk00aIlmu Sosial Dan Budaya Dasar a2 aJakartabKencana Prenada Media Group.c2008 axii, 218 hlm.; 21 cm 0aIlmu Sosial